000 00483nam a2200169 i 4500
001 23776
003 ES-MaACL
005 20240512063031.0
007 t|
008 021212s1973 sp ||||1| spa d
100 1 _aAmézaga, Elías,
_d1921-2008
_921216
245 1 0 _aCómo se hace un rey /
_cElías Amezaga.
260 _aBilbao :
_bSendo,
_c1973 (
_fGráficas Bilbao)
300 _a172 p. ;
_c25 cm.
852 _aES-MaACL
_jC-51991
_bR.85437
999 _c23776
_d23776